| 000 | 01383nam0a2200337 4500 | ||
|---|---|---|---|
| 001 | RU\NLR\BIBL_A\012507577 | ||
| 005 | 20210630170707.0 | ||
| 010 |
_a978-5-6045416-6-1 _9300 |
||
| 021 |
_aRU _bКН-П-20-081130 _9КН-П-20-6152 |
||
| 035 | _a(NLR Aleph) 012507577 | ||
| 035 | _a(RuMoRGB)010516920 | ||
| 090 |
_a12258875 _c12258875 |
||
| 100 | _a20210420d2020 u y0rusy50 ca | ||
| 101 | 0 | _arus | |
| 102 | _aRU | ||
| 105 | _aac||j|||000zy | ||
| 181 | 0 |
_ai _baxxe |
|
| 182 | 0 | _an | |
| 200 | 1 |
_a"Думать надо о смысле… " _eуроки словесности в 10 классе _eучебно-методическое пособие _fЕ. А. Ясакова |
|
| 203 |
_aТекст _bвизуальный _cнепосредственный |
||
| 210 |
_aСаратов _cСаратовский источник _d2020 |
||
| 215 |
_a100 с. _cил., портр. _d21 |
||
| 606 | 1 |
_aРусская литература _xПреподавание _xСредняя школа _jУчебно-методические пособия _2nlr_sh2 _3RU\NLR\AUTH\66307011 |
|
| 610 | 0 | _aлитература в школе | |
| 686 | 1 | _aЧ426.21(2)31я7 | |
| 700 | 1 |
_aЯсакова _bЕ. А. _gЕкатерина Александровна |
|
| 942 | _cBOOK | ||
| 980 | _aNBR | ||
| 980 | _aNB | ||